000 00915nam a2200253 i 4500
001 183002
003 ES-MaACL
005 20231124062958.0
008 140113s2008 sp |||| |dspa d
020 _a978-84-7807-454-9
100 1 _aGanivet, Ángel,
_d1865-1898
_953864
245 1 0 _aEpistolario /
_cÁngel Ganivet ; edición de Fernando García Lara.
260 _aGranada :
_bDiputación,
_c2008.
300 _a1392 p. ;
_c22 cm.
490 1 _aObras completas de Ángel Ganivet ;
_v10
500 _aÍndices.
600 1 7 _aGanivet, Ángel,
_d1865-1898-
_vCorrespondencia
_2
_9166717
700 1 _aGarcía Lara, Fernando.
_9147205
710 1 _aGranada (Provincia).
_bDiputación Provincial.
_94488
830 0 _aObras completas de Ángel Ganivet ;
_v10
_9188601
852 _aES-MaACL
_jA-12947
_9189935
_bR.149921
_cDEPO1
_dOlim: N-5947
942 _2udc
_cMONOGRAFIA
999 _c183002
_d183002